=LDR 00000nam 2200000 4500 =001 INLIS000000000034886 =005 20130612140758 =008 ***********************************ind** =035 ##$$0010-061300000034886 =041 ##$$a ind =082 ##$$a 372.31 =090 ##$$a 372.31, Kus l =100 ##$$a Kurniawan, Irwan =245 ##$$a Lingkungan hidup dan polusi/Penyadur, Irwan Kurniawan; Penerjemah, Wikan Satriadi; Editor, M. Adib Musta'im =250 ##$$a Seri Sains untuk Pemula =260 ##$$a 2006 $b Bandung =300 ##$$a 48 hlm., Ilus., 21 cm =650 ##$$a Pendidikan Dasar-Sains =700 ##$$a Satriadi, Wikan =850 ##$$a NBPNMAT